Polítiques Locals de Civisme : jornades 2006 i 2007 jornades 2006 i 2007
Publicado:
Barcelona :
Diputació de Barcelona. Àrea d'Igualtat i Ciutadania. Servei de Polítiques de Diversitat i Ciutadania ,
2008
Descripción Física:
192 p. ; 24 cm
MARC
| LEADER | 00000nam a2200000Ia 4500 | ||
|---|---|---|---|
| 001 | 21787 | ||
| 008 | 160829s2008 xx 000 0 cat d | ||
| 080 | |a M-6-242 | ||
| 245 | |a Polítiques Locals de Civisme : |b jornades 2006 i 2007 | ||
| 260 | |a Barcelona : |b Diputació de Barcelona. Àrea d'Igualtat i Ciutadania. Servei de Polítiques de Diversitat i Ciutadania, |c 2008 | ||
| 300 | |a 192 p. ; |c 24 cm | ||
| 650 | |a Educació cívica |x Barcelona (Província) |x Congressos |9 45853 | ||
| 650 | |a Ciutadania |x Barcelona (Província) |x Congressos |9 45854 | ||
| 650 | |a Civisme |x Barcelona (Província) |x Congressos |9 45855 | ||
| 710 | 1 | |a Barcelona (Catalunya : Província). |b Servei de Polítiques de Diversitat i Ciutadania |9 52870 | |
| 901 | |a Arxiu | ||
| 942 | |n 1 | ||
| 952 | |0 0 |1 0 |4 0 |6 M6242 |7 1 |9 52842 |a Arxiu |b Arxiu |d 2016-12-01 |l 0 |o M-6-242 |p 21787 |r 2016-12-01 00:00:00 |w 2016-12-01 |y ARXIU | ||
| 999 | |c 56691 |d 56691 | ||